• Tüchle, Hermann,

di Personal Name

Records bibliografici associati: 1

001 - CONTROL NUMBER

  • control field: 20788

003 - CONTROL NUMBER IDENTIFIER

  • control field: IT-RoINE

005 - DATE AND TIME OF LATEST TRANSACTION

  • control field: 20150902092519.0

008 - FIXED-LENGTH DATA ELEMENTS

  • fixed length control field: 150902|| aca||aabn | a|a d

040 ## - CATALOGING SOURCE

  • Original cataloging agency: IT-RoINE
  • Transcribing agency: IT-RoINE

100 ## - HEADING--PERSONAL NAME

  • Personal name: Tüchle, Hermann,
  • Dates associated with a name: 1905-1986

670 ## - SOURCE DATA FOUND

  • Source citation: Work cat.: (IT-RoINE)0: Bihlmeyer, Karl, 1874-1942. 20786, Storia della Chiesa /, 1957-1960